000 00382nam a22001697a 4500
005 20160527153313.0
008 160527b xxu||||| |||| 00| 0 eng d
020 _a978-81-8488-057-1
041 _aeng
082 _b5576
100 _aReddy, PN & others
_91406
245 _aService Marketing
260 _bHPH
_c2008
300 _a316
650 _aManagement
_9241
942 _cBK
999 _c1992
_d1991